00552nam a2200169Ia 4500008004100000020001800041041000800059082001600067100001900083245015200102260002000254300000800274365001600282700001900298906004600317999001900363230714s9999 xx 000 0 und d a9790000000000 aeng a004.35bGUO aGuo S.9195087 aHadoop Operations And Cluster Management CookbookbOver 60 Recipes Showing You How To Design, Configure, Manage, Monitor, And Tune A Hadoop Cluster c2013bPackt/SPD a351 cRs.b650.00 aGuo S.9195087 dO:22-Oct-2013B:411117-Sep-2013cCOMPb286 c209510d209510